| 000 | 01535nam a22003857a 4500 | ||
|---|---|---|---|
| 003 | CHAP | ||
| 005 | 20220329133625.0 | ||
| 008 | 971013s1991 r 00010 d | ||
| 010 | _a8716 | ||
| 011 | _a9688 | ||
| 035 | _a8923 | ||
| 040 | _cCHAP | ||
| 090 | _aFolleto 14030 | ||
| 100 | 0 | 0 |
_aQuiroga Garza, Héctor Mario. _993497 |
| 245 | _aGuía para cultivar trebol alejandrino en la comarca lagunera | ||
| 260 |
_aTorreón, Coah. : _bINIFAP. Centro de Investigaciones Forestales y Agropecuarias Comarca Lagunera, _c1991 |
||
| 300 | _a8 p. | ||
| 490 |
_aINIFAP. Centro de Investigaciones Forestales y Agropecuarias Comarca Lagunera. Folleto para productores _v; 3 |
||
| 500 | _ac.4 en bodega | ||
| 590 |
_aBATCH-UPD _b10 _c20130110 _lUCH01 _h0117 |
||
| 590 |
_aBATCH-UPD _b10 _c20130110 _lUCH01 _h2135 |
||
| 590 |
_aBATCH-UPD _b10 _c20130409 _lUCH01 _h2109 |
||
| 590 |
_aBATCH-UPD _b10 _c20130410 _lUCH01 _h1444 |
||
| 590 |
_aBATCH-UPD _b10 _c20130914 _lUCH01 _h1644 |
||
| 590 |
_aCONVERSION _b10 _c20130109 _lUCH01 _h1306 |
||
| 650 | 1 | 4 |
_aTrifolium alexandrinum. _9114944 |
| 700 | 0 |
_aCastro Martínez, Eduardo. _920392 |
|
| 700 | 0 |
_aCueto W., José Antonio. _930132 |
|
| 830 | 0 |
_aINIFAP. Centro de Investigaciones Forestales y Agropecuarias Comarca Lagunera. Folleto para productores _v; 3 _958697 |
|
| 901 | _aBK | ||
| 942 | _cFOLL | ||
| 949 |
_aFolleto 14030 _bBC _cFOLL _d-19334 _eTS1 _i8923 _mD _si |
||
| 949 |
_aFolleto 14030 _bBC _cFOLL _d-19335 _eTS2 _fc.2 _i8923 _mD _si |
||
| 949 |
_aFolleto 14030 _bBC _cFOLL _d-19336 _eTS2 _fc.3 _i8923 _mD _si |
||
| 999 |
_c8716 _d8716 |
||